| 000 | 00877nam a22002175i 4500 | ||
|---|---|---|---|
| 001 | 156518 | ||
| 003 | ES-MaACL | ||
| 005 | 20250811030348.0 | ||
| 008 | 980615m18941912sp |||| | spa d | ||
| 245 | 0 | 0 |
_aJurisprudencia referente al Código civil / _cglosada, concordada y seguida de cuatro índices para su más fácil consulta por V.A.M. |
| 260 |
_aMadrid : _b[s.n.], _c1894-1912 ( _fImp. de Ricardo Rojas) |
||
| 300 |
_a18 v. ; _c24 cm. |
||
| 594 | _aPrecede al tít.: Legislación de España. | ||
| 596 | _aLos v. VII-XVIII: Librería de Leopoldo Martínez e Imp. de Ricardo Rojas. | ||
| 610 | 1 | 4 |
_aEspaña. _tCódigo civil, 1889 _93628 |
| 650 |
_aDerecho civil- _zEspaña- _xJurisprudencia. _911662 |
||
| 650 | 0 | 4 |
_aCódigo civil- _zEspaña. _9135863 |
| 752 |
_aEspaña - _dMadrid |
||
| 852 |
_aES-MaACL _jB-5090-5107 _z- Enc. pasta |
||
| 999 |
_c156518 _d156518 |
||